000 00261nam a22001097a 4500
008 170123b xxu||||| |||| 00| 0 eng d
020 _a9781418030339
041 _aeng
080 _23RD
_a618.2
245 _aFUNDAMENTALS OF NURSING
_cDELAUNE, S.C
942 _2udc
_cBK
999 _c3374
_d3374